Statistics for NBA 75 members with lower career high points than Saddiq Bey

Click here to take the quiz!

General Stats

  • This quiz has been taken 14 times
  • The average score is 11 of 33

Answer Stats

Points Career HighPlayer% Correct
46Magic Johnson
69%
46Bob Cousy
62%
37Bill Russell
54%
43Jason Kidd
54%
43John Havlicek
54%
42Steve Nash
54%
43Chris Paul
46%
30Wes Unseld
46%
39Dave Cowens
38%
34Dennis Rodman
38%
47Isiah Thomas
38%
34John Stockton
38%
47Kevin Garnett
38%
50Paul Pierce
38%
44Walt Frazier
38%
47Charles Barkley
31%
38James Worthy
31%
45Kawhi Leonard
31%
40Robert Parish
31%
47Scottie Pippen
31%
44Bill Sharman
23%
50Dolph Schayes
23%
45Julius Erving
23%
49Paul Arizin
23%
36Bill Walton
15%
50Clyde Drexler
15%
41Dave Debusschere
15%
44Gary Payton
15%
50Hal Greer
15%
47Billy Cunningham
8%
41Jerry Lucas
8%
43Nate Thurmond
8%
41Lenny Wilkens
0%

Score Distribution

Percentile by Number Answered

Percent of People with Each Score

Your Score History

You have not taken this quiz